MyGZULibrary

African socialism in practice : (Record no. 1113)

MARC details
000 -LEADER
fixed length control field 01009cam a2200313 i 4500
001 - CONTROL NUMBER
control field 1366139
003 - CONTROL NUMBER IDENTIFIER
control field GZU
005 - DATE AND TIME OF LATEST TRANSACTION
control field 20200924103535.0
008 - FIXED-LENGTH DATA ELEMENTS--GENERAL INFORMATION
fixed length control field 801002s1979 enk b 001 0 eng
010 ## - LIBRARY OF CONGRESS CONTROL NUMBER
LC control number 80499514
015 ## - NATIONAL BIBLIOGRAPHY NUMBER
National bibliography number GB***
020 ## - INTERNATIONAL STANDARD BOOK NUMBER
International Standard Book Number 0851242707 (pbk.) :
Terms of availability £2.95
020 ## - INTERNATIONAL STANDARD BOOK NUMBER
International Standard Book Number 0851242693
040 ## - CATALOGING SOURCE
Original cataloging agency DLC
Transcribing agency DLC
Modifying agency DLC
043 ## - GEOGRAPHIC AREA CODE
Geographic area code f-tz---
050 00 - LIBRARY OF CONGRESS CALL NUMBER
Classification number HX448.5
Item number AFR 1979
245 00 - TITLE STATEMENT
Title African socialism in practice :
Remainder of title the Tanzanian experience /
Statement of responsibility, etc. edited by Andrew Coulson.
260 ## - PUBLICATION, DISTRIBUTION, ETC.
Place of publication, distribution, etc. Nottingham :
Name of publisher, distributor, etc. Spokesman,
Date of publication, distribution, etc. 1979.
300 ## - PHYSICAL DESCRIPTION
Extent [7], 239 p. ;
Dimensions 21 cm.
500 ## - GENERAL NOTE
General note Includes bibliographical references and index.
504 ## - BIBLIOGRAPHY, ETC. NOTE
Bibliography, etc. note Includes bibliographical references and index.
650 #0 - SUBJECT ADDED ENTRY--TOPICAL TERM
Topical term or geographic name entry element Socialism
Geographic subdivision Tanzania.
650 #0 - SUBJECT ADDED ENTRY--TOPICAL TERM
Topical term or geographic name entry element Rural development
Geographic subdivision Tanzania.
650 #0 - SUBJECT ADDED ENTRY--TOPICAL TERM
Topical term or geographic name entry element Collective settlements
Geographic subdivision Tanzania.
651 #0 - SUBJECT ADDED ENTRY--GEOGRAPHIC NAME
Geographic name Tanzania
General subdivision Economic policy.
700 1# - ADDED ENTRY--PERSONAL NAME
Personal name Coulson, Andrew.
Relator term editor
906 ## - LOCAL DATA ELEMENT F, LDF (RLIN)
a 7
b cbc
c orignew
d 3
e ncip
f 19
g y-gencatlg
942 ## - ADDED ENTRY ELEMENTS (KOHA)
Source of classification or shelving scheme Library of Congress Classification
Koha item type Books
Classification part 448.5
Item part AFR
Call number prefix HX
Holdings
Withdrawn status Lost status Source of classification or shelving scheme Damaged status Not for loan Collection code Home library Current library Shelving location Date acquired Source of acquisition Total Checkouts Full call number Barcode Date last seen Copy number Price effective from Koha item type
    Library of Congress Classification     Non-fiction City Campus Library City Campus Library General Stacks 08/14/2015 Donated by N. Whande   HX448.5 AFR 1979 024919 09/24/2020 c. 1 09/24/2020 Books